000 00227nam a22001097a 4500
999 _c262465
_d262464
020 _a9780545130479
100 _aAbby Klein
245 _aGoing Batty
260 _aNew York
_bScholastic
_c2010
300 _a95 pgs
942 _cBK